Medical Pharmacology : (Record no. 36781)

MARC details
000 -LEADER
fixed length control field 00517nam a22001697a 4500
005 - DATE AND TIME OF LATEST TRANSACTION
control field 20241122095734.0
008 - FIXED-LENGTH DATA ELEMENTS--GENERAL INFORMATION
fixed length control field 241122b |||||||| |||| 00| 0 eng d
082 ## - DEWEY DECIMAL CLASSIFICATION NUMBER
Classification number 615.1
Item number PAD-M
100 ## - MAIN ENTRY--AUTHOR
Author Name Padmaja Udaykumar
245 ## - TITLE STATEMENT
Title Medical Pharmacology :
Remainder of title competency Based undergraduate curriculum /
Statement of responsibility, etc. by Padmaja Udaykumar
250 ## - EDITION STATEMENT
Edition statement 7th ed.
260 ## - PUBLICATION, DISTRIBUTION, ETC.
Place of Publication India :
Name of publisher, distributor, etc. CBS Publishers ;
Date of publication, distribution, etc. 2021.
300 ## - PHYSICAL DESCRIPTION
Pages xxii, 768 p. :
500 ## - GENERAL NOTE
General note Include Index.
650 ## - SUBJECT ADDED ENTRY--TOPICAL TERM
Subject / Department Medical / Pharmacology
300 ## - PHYSICAL DESCRIPTION
-- ill ;
-- 28 cm.
952 ## - LOCATION AND ITEM INFORMATION (KOHA)
-- 0
-- 0
Holdings
Lost status Damaged status Collection code Permanent Location Current Location Shelving Location Date acquired Full Call Number Accession No./Barcode Date last seen Copy number item type Koha item type
    Medical Superior Information Resource Center (SIRC) Superior University- Main Campus Superior Information Resource Center (SIRC) Superior University- Main Campus Pharmacology 11/22/2024 615.1 PAD 2021 29771 11/22/2024 1 BOOK BOOK

Powered by Koha